Con los vikingos de Leif Ericson (Record no. 17962)

MARC details
000 -LEADER
fixed length control field 00683nam a22002417a 4500
001 - CONTROL NUMBER
control field sjds170114
003 - CONTROL NUMBER IDENTIFIER
control field sjds
005 - DATE AND TIME OF LATEST TRANSACTION
control field 20170630153035.0
008 - FIXED-LENGTH DATA ELEMENTS--GENERAL INFORMATION
fixed length control field 170630b sp||||| |||| 00| 0 spa d
020 ## - INTERNATIONAL STANDARD BOOK NUMBER
International Standard Book Number 9788420740072 (pbk.)
020 ## - INTERNATIONAL STANDARD BOOK NUMBER
International Standard Book Number 8420740071 (pbk.)
040 ## - CATALOGING SOURCE
Transcribing agency sjds
041 ## - LANGUAGE CODE
Language code of text/sound track or separate title spa
100 1# - MAIN ENTRY--PERSONAL NAME
Personal name Salariya, David
245 10 - TITLE STATEMENT
Title Con los vikingos de Leif Ericson
Statement of responsibility, etc. David Salariya; Nicholas Hewetson.
246 ## - VARYING FORM OF TITLE
Title proper/short title El tunel del tiempo con los vikingos de Leif Ericson
260 ## - PUBLICATION, DISTRIBUTION, ETC. (IMPRINT)
Place of publication, distribution, etc. Madrid :
Name of publisher, distributor, etc. Anaya ,
Date of publication, distribution, etc. 1991
300 ## - PHYSICAL DESCRIPTION
Extent 31 p. :
Other physical details il. col. ;
Dimensions 27 cm
490 ## - SERIES STATEMENT
Series statement El túnel del tiempo
650 ## - SUBJECT ADDED ENTRY--TOPICAL TERM
Topical term or geographic name as entry element Vikingos.
700 1# - ADDED ENTRY--PERSONAL NAME
Personal name Hewetson, Nicolas
942 ## - ADDED ENTRY ELEMENTS (KOHA)
Source of classification or shelving scheme Dewey Decimal Classification
Koha item type Libro/Book
Holdings
Withdrawn status Lost status Damaged status Not for loan Home library Current library Date acquired Inventory number Total Checkouts Full call number Barcode Checked out Date last seen Date checked out Price effective from Koha item type
        Las Pampas -- Satellite Las pampas 30/06/2017 inventory date: 17-1-25 2 JES 35701556 05/05/2026 31/03/2026 31/03/2026 30/06/2017 Libro/Book

Powered by Koha